[Event "Benidorm Satellite - Final"]
[Site "playchess.com #007059"]
[Date "2009.10.24"]
[Round "9"]
[White "Yang Guo"]
[Black "-st!er-"]
[Result "0-1"]
[WhiteElo "2805"]
[BlackElo "2859"]
[PlyCount "48"]
[EventDate "2009.10.24"]
[EventType "tourn (blitz)"]

1. e4 {[%emt 0:00:00]} c5 {[%emt 0:00:01]} 2. Nf3 {[%emt 0:00:01]} e6 {[%emt 0:
00:01]} 3. Nc3 {[%emt 0:00:02]} a6 {[%emt 0:00:01]} 4. d4 {[%emt 0:00:01]} cxd4
{[%emt 0:00:00]} 5. Nxd4 {[%emt 0:00:00]} Qc7 {[%emt 0:00:01]} 6. Be3 {[%emt 0:
00:02]} Bb4 {[%emt 0:00:01]} 7. Qd3 {[%emt 0:00:21]} Nf6 {[%emt 0:00:03]} 8.
Bd2 {[%emt 0:00:26]} O-O {[%emt 0:00:04]} 9. f4 {[%emt 0:00:10]} d6 {[%emt 0:
00:03]} 10. Be2 {[%emt 0:00:05]} Nbd7 {[%emt 0:00:02]} 11. O-O {[%emt 0:00:01]}
Bxc3 {[%emt 0:00:02]} 12. bxc3 {[%emt 0:00:14]} Nc5 {[%emt 0:00:02]} 13. Qf3 {
[%emt 0:00:02]} Ncxe4 {[%emt 0:00:06]} 14. Be1 {[%emt 0:00:01]} b6 {[%emt 0:00:
07]} 15. g4 {[%emt 0:00:07]} Bb7 {[%emt 0:00:03]} 16. g5 {[%emt 0:00:01]} Nd7 {
[%emt 0:00:02]} 17. Qh3 {[%emt 0:00:06]} g6 {[%emt 0:00:01]} 18. Rf3 {[%emt 0:
00:10]} Rfe8 {[%emt 0:00:05]} 19. Re3 {[%emt 0:00:07]} e5 {[%emt 0:00:04]} 20.
f5 {[%emt 0:00:10]} Nxg5 {[%emt 0:00:16]} 21. Qg4 {[%emt 0:00:02]} exd4 {[%emt
0:00:01]} 22. Rxe8+ {[%emt 0:00:03]} Rxe8 {[%emt 0:00:02]} 23. Qxg5 {[%emt 0:
00:01]} Rxe2 {[%emt 0:00:01]} 24. Bf2 {[%emt 0:00:01]} Qc6 {[%emt 0:00:04]
Yang Guo resigns} 0-1

[Event "Benidorm Satellite - Final"]
[Site "playchess.com #007059"]
[Date "2009.10.24"]
[Round "9"]
[White "Novoselski"]
[Black "Jiriki"]
[Result "1-0"]
[WhiteElo "2743"]
[BlackElo "2614"]
[PlyCount "67"]
[EventDate "2009.10.24"]
[EventType "tourn (blitz)"]

1. e4 {[%emt 0:00:01]} e6 {[%emt 0:00:01]} 2. d4 {[%emt 0:00:01]} d5 {[%emt 0:
00:00]} 3. e5 {[%emt 0:00:00]} c5 {[%emt 0:00:02]} 4. Qg4 {[%emt 0:00:00]} Nc6
{[%emt 0:00:05]} 5. Nf3 {[%emt 0:00:01]} Nxd4 {[%emt 0:00:05]} 6. Nxd4 {[%emt
0:00:02]} cxd4 {[%emt 0:00:00]} 7. Bd3 {[%emt 0:00:01]} Ne7 {[%emt 0:00:03]} 8.
O-O {[%emt 0:00:04]} Nc6 {[%emt 0:00:02]} 9. Re1 {[%emt 0:00:03]} Bd7 {[%emt 0:
00:04]} 10. a3 {[%emt 0:00:04]} Qc7 {[%emt 0:00:07]} 11. Bf4 {[%emt 0:00:03]}
h6 {[%emt 0:00:05]} 12. h4 {[%emt 0:00:06]} O-O-O {[%emt 0:00:08]} 13. h5 {
[%emt 0:00:02]} Kb8 {[%emt 0:00:17]} 14. Nd2 {[%emt 0:00:02]} Ne7 {[%emt 0:00:
05]} 15. Nf3 {[%emt 0:00:08]} Nf5 {[%emt 0:00:10]} 16. Qh3 {[%emt 0:00:07]} Qb6
{[%emt 0:00:05]} 17. Bxf5 {[%emt 0:00:04]} exf5 {[%emt 0:00:01]} 18. e6+ {
[%emt 0:00:01]} Bd6 {[%emt 0:00:04]} 19. Bxd6+ {[%emt 0:00:03]} Qxd6 {[%emt 0:
00:00]} 20. exd7 {[%emt 0:00:01]} g6 {[%emt 0:00:02]} 21. Nxd4 {[%emt 0:00:06]}
Rxd7 {[%emt 0:00:01]} 22. hxg6 {[%emt 0:00:05]} fxg6 {[%emt 0:00:01]} 23. Qg3 {
[%emt 0:00:02]} f4 {[%emt 0:00:02]} 24. Qf3 {[%emt 0:00:03]} g5 {[%emt 0:00:01]
} 25. Re6 {[%emt 0:00:05]} Qc5 {[%emt 0:00:01]} 26. c3 {[%emt 0:00:01]} a6 {
[%emt 0:00:06]} 27. Rae1 {[%emt 0:00:02]} Ka7 {[%emt 0:00:02]} 28. Qe2 {[%emt
0:00:11]} h5 {[%emt 0:00:07]} 29. Qe5 {[%emt 0:00:01]} Rg8 {[%emt 0:00:07]} 30.
Re7 {[%emt 0:00:11]} Rd6 {[%emt 0:00:13]} 31. b4 {[%emt 0:00:07]} Qb6 {[%emt 0:
00:02]} 32. Re6 {[%emt 0:00:02]} Rxe6 {[%emt 0:00:07]} 33. Qxe6 {[%emt 0:00:00]
} Qc7 {[%emt 0:00:06]} 34. Qxg8 {[%emt 0:00:03] Jiriki gibt auf} 1-0

[Event "Benidorm Satellite - Final"]
[Site "playchess.com #007059"]
[Date "2009.10.24"]
[Round "9"]
[White "Mateusz-Morfeusz"]
[Black "High_me"]
[Result "0-1"]
[WhiteElo "2453"]
[BlackElo "2678"]
[PlyCount "96"]
[EventDate "2009.10.24"]
[EventType "tourn (blitz)"]

1. e4 {[%emt 0:00:01]} e5 {[%emt 0:00:00]} 2. Nf3 {[%emt 0:00:03]} Nc6 {[%emt
0:00:00]} 3. Bc4 {[%emt 0:00:02]} Nf6 {[%emt 0:00:01]} 4. d3 {[%emt 0:00:01]}
Be7 {[%emt 0:00:01]} 5. Nc3 {[%emt 0:00:03]} O-O {[%emt 0:00:04]} 6. O-O {
[%emt 0:00:03]} d6 {[%emt 0:00:01]} 7. Bg5 {[%emt 0:00:03]} Na5 {[%emt 0:00:22]
} 8. Nd2 {[%emt 0:00:05]} Nxc4 {[%emt 0:00:04]} 9. Nxc4 {[%emt 0:00:02]} Be6 {
[%emt 0:00:03]} 10. f4 {[%emt 0:00:04]} exf4 {[%emt 0:00:04]} 11. Rxf4 {[%emt
0:00:03]} Bxc4 {[%emt 0:00:26]} 12. dxc4 {[%emt 0:00:05]} h6 {[%emt 0:00:01]}
13. Bh4 {[%emt 0:00:22]} g5 {[%emt 0:00:05]} 14. Bxg5 {[%emt 0:00:13]} hxg5 {
[%emt 0:00:03]} 15. Rf3 {[%emt 0:00:09]} c6 {[%emt 0:00:11]} 16. Rh3 {[%emt 0:
00:23]} Kg7 {[%emt 0:00:15]} 17. Qf3 {[%emt 0:00:17]} Rh8 {[%emt 0:00:16]} 18.
Qg3 {[%emt 0:00:09]} g4 {[%emt 0:00:52]} 19. Rxh8 {[%emt 0:00:15]} Qb6+ {[%emt
0:00:03]} 20. Kh1 {[%emt 0:00:07]} Rxh8 {[%emt 0:00:01]} 21. e5 {[%emt 0:00:05]
} dxe5 {[%emt 0:00:08]} 22. Qxe5 {[%emt 0:00:03]} Qc5 {[%emt 0:00:21]} 23. Re1
{[%emt 0:00:06]} Qxe5 {[%emt 0:00:02]} 24. Rxe5 {[%emt 0:00:02]} Rxh2+ {[%emt
0:00:14]} 25. Kxh2 {[%emt 0:00:07]} Bd6 {[%emt 0:00:01]} 26. g3 {[%emt 0:00:06]
} Bxe5 {[%emt 0:00:01]} 27. Kg2 {[%emt 0:00:01]} Bxc3 {[%emt 0:00:02]} 28. bxc3
{[%emt 0:00:02]} Ne4 {[%emt 0:00:01]} 29. Kf1 {[%emt 0:00:03]} Kf6 {[%emt 0:00:
01]} 30. Ke2 {[%emt 0:00:02]} Ke5 {[%emt 0:00:00]} 31. Ke3 {[%emt 0:00:02]} c5
{[%emt 0:00:00]} 32. a4 {[%emt 0:00:03]} f5 {[%emt 0:00:00]} 33. a5 {[%emt 0:
00:03]} Nxg3 {[%emt 0:00:01]} 34. Kf2 {[%emt 0:00:01]} Ne4+ {[%emt 0:00:02]}
35. Ke3 {[%emt 0:00:01]} f4+ {[%emt 0:00:01]} 36. Ke2 {[%emt 0:00:01]} Nxc3+ {
[%emt 0:00:01]} 37. Kd3 {[%emt 0:00:02]} Ne4 {[%emt 0:00:01]} 38. Ke2 {[%emt 0:
00:02]} Nd6 {[%emt 0:00:04]} 39. Kd3 {[%emt 0:00:03]} g3 {[%emt 0:00:01]} 40.
Ke2 {[%emt 0:00:02]} Ke4 {[%emt 0:00:01]} 41. a6 {[%emt 0:00:06]} bxa6 {[%emt
0:00:02]} 42. c3 {[%emt 0:00:02]} f3+ {[%emt 0:00:01]} 43. Kf1 {[%emt 0:00:03]}
Nxc4 {[%emt 0:00:01]} 44. Kg1 {[%emt 0:00:03]} a5 {[%emt 0:00:02]} 45. Kf1 {
[%emt 0:00:03]} a4 {[%emt 0:00:00]} 46. Kg1 {[%emt 0:00:02]} a3 {[%emt 0:00:01]
} 47. Kf1 {[%emt 0:00:01]} a2 {[%emt 0:00:00]} 48. Ke1 {[%emt 0:00:01]} a1=Q# {
[%emt 0:00:02]} 0-1

[Event "Benidorm Satellite - Final"]
[Site "playchess.com #007059"]
[Date "2009.10.24"]
[Round "9"]
[White "Us6"]
[Black "Maximums"]
[Result "1-0"]
[WhiteElo "2660"]
[BlackElo "2722"]
[PlyCount "121"]
[EventDate "2009.10.24"]
[EventType "tourn (blitz)"]

1. d4 {[%emt 0:00:03]} d5 {[%emt 0:00:11]} 2. c4 {[%emt 0:00:01]} c6 {[%emt 0:
00:02]} 3. Nf3 {[%emt 0:00:01]} Nf6 {[%emt 0:00:04]} 4. e3 {[%emt 0:00:01]} Bg4
{[%emt 0:00:02]} 5. Qb3 {[%emt 0:00:03]} Qb6 {[%emt 0:00:01]} 6. Nc3 {[%emt 0:
00:01]} Bxf3 {[%emt 0:00:02]} 7. gxf3 {[%emt 0:00:01]} e6 {[%emt 0:00:00]} 8.
e4 {[%emt 0:00:01]} dxc4 {[%emt 0:00:12]} 9. Bxc4 {[%emt 0:00:16]} Nbd7 {[%emt
0:00:02]} 10. Be3 {[%emt 0:00:13]} Qxb3 {[%emt 0:00:11]} 11. Bxb3 {[%emt 0:00:
17]} Be7 {[%emt 0:00:08]} 12. Rg1 {[%emt 0:00:06]} g6 {[%emt 0:00:05]} 13. f4 {
[%emt 0:00:02]} Bb4 {[%emt 0:00:16]} 14. f3 {[%emt 0:00:03]} O-O-O {[%emt 0:00:
15]} 15. Rc1 {[%emt 0:00:04]} Nb6 {[%emt 0:00:12]} 16. a3 {[%emt 0:00:03]} Bf8
{[%emt 0:00:07]} 17. Ke2 {[%emt 0:00:07]} Bh6 {[%emt 0:00:03]} 18. Kf2 {[%emt
0:00:12]} Nh5 {[%emt 0:00:04]} 19. Ne2 {[%emt 0:00:04]} Rhe8 {[%emt 0:00:05]}
20. Ba2 {[%emt 0:00:08]} f5 {[%emt 0:00:04]} 21. b4 {[%emt 0:00:05]} Kb8 {
[%emt 0:00:01]} 22. Bb3 {[%emt 0:00:04]} Rf8 {[%emt 0:00:08]} 23. Bxe6 {[%emt
0:00:25]} fxe4 {[%emt 0:00:02]} 24. fxe4 {[%emt 0:00:02]} Nxf4 {[%emt 0:00:07]}
25. Nxf4 {[%emt 0:00:01]} Bxf4 {[%emt 0:00:01]} 26. Bxf4+ {[%emt 0:00:02]}
Rxf4+ {[%emt 0:00:01]} 27. Ke3 {[%emt 0:00:01]} Rdf8 {[%emt 0:00:13]} 28. d5 {
[%emt 0:00:08]} cxd5 {[%emt 0:00:12]} 29. exd5 {[%emt 0:00:01]} Nc4+ {[%emt 0:
00:04]} 30. Kd3 {[%emt 0:00:12]} Nd6 {[%emt 0:00:01]} 31. Rg3 {[%emt 0:00:07]}
a6 {[%emt 0:00:04]} 32. Re1 {[%emt 0:00:05]} Kc7 {[%emt 0:00:06]} 33. Rc1+ {
[%emt 0:00:03]} Kb6 {[%emt 0:00:02]} 34. Ke3 {[%emt 0:00:12]} Nc4+ {[%emt 0:00:
09]} 35. Kd3 {[%emt 0:00:01]} Nxa3 {[%emt 0:00:04]} 36. Re1 {[%emt 0:00:17]}
Nb5 {[%emt 0:00:06]} 37. Rh3 {[%emt 0:00:04]} Rf3+ {[%emt 0:00:08]} 38. Rxf3 {
[%emt 0:00:01]} Rxf3+ {[%emt 0:00:01]} 39. Ke4 {[%emt 0:00:01]} Rf2 {[%emt 0:
00:08]} 40. Ke5 {[%emt 0:00:02]} Kc7 {[%emt 0:00:13]} 41. d6+ {[%emt 0:00:04]}
Nxd6 {[%emt 0:00:11]} 42. Rc1+ {[%emt 0:00:01]} Kb8 {[%emt 0:00:01]} 43. Kxd6 {
[%emt 0:00:01]} Rxh2 {[%emt 0:00:01]} 44. Rc8+ {[%emt 0:00:04]} Ka7 {[%emt 0:
00:01]} 45. Bd5 {[%emt 0:00:01]} Rb2 {[%emt 0:00:03]} 46. Rc4 {[%emt 0:00:08]}
Kb6 {[%emt 0:00:01]} 47. Rc7 {[%emt 0:00:02]} Rxb4 {[%emt 0:00:04]} 48. Rxb7+ {
[%emt 0:00:01]} Ka5 {[%emt 0:00:01]} 49. Rxh7 {[%emt 0:00:01]} Rb6+ {[%emt 0:
00:01]} 50. Kc5 {[%emt 0:00:01]} Rb5+ {[%emt 0:00:01]} 51. Kc4 {[%emt 0:00:01]}
Rb4+ {[%emt 0:00:01]} 52. Kc5 {[%emt 0:00:01]} Rb5+ {[%emt 0:00:01]} 53. Kd4 {
[%emt 0:00:01]} Rb4+ {[%emt 0:00:01]} 54. Bc4 {[%emt 0:00:01]} Rb6 {[%emt 0:00:
01]} 55. Kc5 {[%emt 0:00:01]} Rf6 {[%emt 0:00:02]} 56. Rh1 {[%emt 0:00:02]}
Rf5+ {[%emt 0:00:07]} 57. Bd5 {[%emt 0:00:01]} Rf4 {[%emt 0:00:16]} 58. Ra1+ {
[%emt 0:00:03]} Ra4 {[%emt 0:00:01]} 59. Rg1 {[%emt 0:00:01]} Ra3 {[%emt 0:00:
03]} 60. Rxg6 {[%emt 0:00:03]} Rc3+ {[%emt 0:00:00]} 61. Bc4 {[%emt 0:00:01]
Time} 1-0

[Event "Benidorm Satellite - Final"]
[Site "playchess.com #007059"]
[Date "2009.10.24"]
[Round "10"]
[White "Mateusz-Morfeusz"]
[Black "Yang Guo"]
[Result "0-1"]
[WhiteElo "2445"]
[BlackElo "2790"]
[PlyCount "116"]
[EventDate "2009.10.24"]
[EventType "tourn (blitz)"]

1. e4 {[%emt 0:00:01]} e6 {[%emt 0:00:01]} 2. d4 {[%emt 0:00:03]} d5 {[%emt 0:
00:00]} 3. exd5 {[%emt 0:00:00]} exd5 {[%emt 0:00:00]} 4. Bd3 {[%emt 0:00:01]}
Nc6 {[%emt 0:00:01]} 5. Qe2+ {[%emt 0:00:01]} Be6 {[%emt 0:00:08]} 6. c3 {
[%emt 0:00:01]} Bd6 {[%emt 0:00:01]} 7. Nf3 {[%emt 0:00:01]} Nge7 {[%emt 0:00:
01]} 8. Be3 {[%emt 0:00:01]} Qd7 {[%emt 0:00:01]} 9. Nbd2 {[%emt 0:00:00]} f6 {
[%emt 0:00:09]} 10. O-O-O {[%emt 0:00:01]} O-O-O {[%emt 0:00:02]} 11. Nb3 {
[%emt 0:00:05]} Bf5 {[%emt 0:00:09]} 12. Rhe1 {[%emt 0:00:10]} Rde8 {[%emt 0:
00:03]} 13. c4 {[%emt 0:00:16]} Bxd3 {[%emt 0:00:05]} 14. Qxd3 {[%emt 0:00:02]}
Nb4 {[%emt 0:00:01]} 15. Qd2 {[%emt 0:00:15]} dxc4 {[%emt 0:00:02]} 16. Nc5 {
[%emt 0:00:04]} Bxc5 {[%emt 0:00:01]} 17. dxc5 {[%emt 0:00:02]} Qxd2+ {[%emt 0:
00:01]} 18. Rxd2 {[%emt 0:00:05]} Nd3+ {[%emt 0:00:01]} 19. Rxd3 {[%emt 0:00:
06]} cxd3 {[%emt 0:00:00]} 20. Kd2 {[%emt 0:00:01]} Nd5 {[%emt 0:00:05]} 21.
Kxd3 {[%emt 0:00:10]} Nxe3 {[%emt 0:00:03]} 22. Rxe3 {[%emt 0:00:04]} Rxe3+ {
[%emt 0:00:01]} 23. Kxe3 {[%emt 0:00:01]} Re8+ {[%emt 0:00:00]} 24. Kd4 {[%emt
0:00:02]} Kd7 {[%emt 0:00:02]} 25. Kd5 {[%emt 0:00:04]} Re2 {[%emt 0:00:03]}
26. b4 {[%emt 0:00:02]} Rxf2 {[%emt 0:00:01]} 27. b5 {[%emt 0:00:01]} c6+ {
[%emt 0:00:01]} 28. bxc6+ {[%emt 0:00:01]} bxc6+ {[%emt 0:00:00]} 29. Kc4 {
[%emt 0:00:01]} Rxa2 {[%emt 0:00:01]} 30. Nd4 {[%emt 0:00:04]} Rxg2 {[%emt 0:
00:02]} 31. Nf5 {[%emt 0:00:00]} g6 {[%emt 0:00:06]} 32. Nd6 {[%emt 0:00:18]}
Rxh2 {[%emt 0:00:05]} 33. Kb4 {[%emt 0:00:00]} Rb2+ {[%emt 0:00:11]} 34. Kc3 {
[%emt 0:00:02]} Rb1 {[%emt 0:00:02]} 35. Ne4 {[%emt 0:00:05]} Ke6 {[%emt 0:00:
01]} 36. Nd2 {[%emt 0:00:04]} Rc1+ {[%emt 0:00:01]} 37. Kb4 {[%emt 0:00:01]}
Kd5 {[%emt 0:00:01]} 38. Nb3 {[%emt 0:00:03]} Rc4+ {[%emt 0:00:02]} 39. Ka5 {
[%emt 0:00:05]} Rxc5+ {[%emt 0:00:03]} 40. Kb4 {[%emt 0:00:06]} Rb5+ {[%emt 0:
00:01]} 41. Kc3 {[%emt 0:00:02]} Rxb3+ {[%emt 0:00:00]} 42. Kxb3 {[%emt 0:00:
00]} h5 {[%emt 0:00:00]} 43. Kc3 {[%emt 0:00:00]} h4 {[%emt 0:00:00]} 44. Kd3 {
[%emt 0:00:00]} g5 {[%emt 0:00:00]} 45. Ke3 {[%emt 0:00:00]} f5 {[%emt 0:00:00]
} 46. Kf3 {[%emt 0:00:00]} a5 {[%emt 0:00:00]} 47. Kg2 {[%emt 0:00:02]} g4 {
[%emt 0:00:01]} 48. Kh2 {[%emt 0:00:02]} f4 {[%emt 0:00:00]} 49. Kg2 {[%emt 0:
00:00]} Ke4 {[%emt 0:00:02]} 50. Kf2 {[%emt 0:00:01]} h3 {[%emt 0:00:01]} 51.
Kg1 {[%emt 0:00:01]} g3 {[%emt 0:00:00]} 52. Kh1 {[%emt 0:00:01]} f3 {[%emt 0:
00:00]} 53. Kg1 {[%emt 0:00:00]} f2+ {[%emt 0:00:01]} 54. Kf1 {[%emt 0:00:02]}
h2 {[%emt 0:00:01]} 55. Kg2 {[%emt 0:00:00]} h1=Q+ {[%emt 0:00:01]} 56. Kxg3 {
[%emt 0:00:01]} f1=Q {[%emt 0:00:01]} 57. Kg4 {[%emt 0:00:01]} Qhg2+ {[%emt 0:
00:00]} 58. Kh5 {[%emt 0:00:01]} Qfh1# {[%emt 0:00:00]} 0-1

[Event "Benidorm Satellite - Final"]
[Site "playchess.com #007059"]
[Date "2009.10.24"]
[Round "10"]
[White "High_me"]
[Black "Jiriki"]
[Result "1-0"]
[WhiteElo "2685"]
[BlackElo "2603"]
[PlyCount "93"]
[EventDate "2009.10.24"]
[EventType "tourn (blitz)"]

1. e4 {[%emt 0:00:01]} e6 {[%emt 0:00:01]} 2. d4 {[%emt 0:00:01]} d5 {[%emt 0:
00:01]} 3. Nc3 {[%emt 0:00:00]} Nf6 {[%emt 0:00:01]} 4. Bg5 {[%emt 0:00:01]}
Bb4 {[%emt 0:00:01]} 5. e5 {[%emt 0:00:01]} h6 {[%emt 0:00:01]} 6. Be3 {[%emt
0:00:00]} Ne4 {[%emt 0:00:02]} 7. Qg4 {[%emt 0:00:00]} Kf8 {[%emt 0:00:02]} 8.
a3 {[%emt 0:00:02]} Bxc3+ {[%emt 0:00:01]} 9. bxc3 {[%emt 0:00:01]} Nxc3 {
[%emt 0:00:00]} 10. Bd3 {[%emt 0:00:01]} c5 {[%emt 0:00:01]} 11. dxc5 {[%emt 0:
00:00]} Nc6 {[%emt 0:00:00]} 12. Nf3 {[%emt 0:00:01]} f5 {[%emt 0:00:01]} 13.
Qh5 {[%emt 0:00:11]} Qe8 {[%emt 0:00:01]} 14. Qxe8+ {[%emt 0:00:20]} Kxe8 {
[%emt 0:00:01]} 15. a4 {[%emt 0:00:00]} Ne4 {[%emt 0:00:13]} 16. Rb1 {[%emt 0:
00:28]} g5 {[%emt 0:00:04]} 17. Nd4 {[%emt 0:00:18]} Nxe5 {[%emt 0:00:06]} 18.
Bxe4 {[%emt 0:00:01]} dxe4 {[%emt 0:00:44]} 19. Nb5 {[%emt 0:00:01]} Bd7 {
[%emt 0:00:18]} 20. Nc7+ {[%emt 0:00:01]} Ke7 {[%emt 0:00:03]} 21. Nxa8 {[%emt
0:00:07]} Rxa8 {[%emt 0:00:02]} 22. Rxb7 {[%emt 0:00:02]} f4 {[%emt 0:00:04]}
23. Bd4 {[%emt 0:00:16]} Nc6 {[%emt 0:00:01]} 24. Bg7 {[%emt 0:00:01]} Rg8 {
[%emt 0:00:09]} 25. Bxh6 {[%emt 0:00:11]} Ne5 {[%emt 0:00:34]} 26. h4 {[%emt 0:
00:07]} f3 {[%emt 0:00:11]} 27. g3 {[%emt 0:00:15]} gxh4 {[%emt 0:00:09]} 28.
Rxh4 {[%emt 0:00:02]} Kf6 {[%emt 0:00:09]} 29. Bf4 {[%emt 0:01:02] .} Bc6 {
[%emt 0:00:06]} 30. Rc7 {[%emt 0:00:06]} Bxa4 {[%emt 0:00:07]} 31. Rxa7 {[%emt
0:00:09]} Bxc2 {[%emt 0:00:02]} 32. Bxe5+ {[%emt 0:00:04]} Kxe5 {[%emt 0:00:00]
} 33. Rh5+ {[%emt 0:00:01]} Kd4 {[%emt 0:00:07]} 34. c6 {[%emt 0:00:01]} Rb8 {
[%emt 0:00:34] '} 35. Rd7+ {[%emt 0:00:08]} Kc3 {[%emt 0:00:03]} 36. Rc5+ {
[%emt 0:00:02]} Kb2 {[%emt 0:00:06]} 37. c7 {[%emt 0:00:01]} Ra8 {[%emt 0:00:
06]} 38. c8=Q {[%emt 0:00:05]} Ra1+ {[%emt 0:00:04]} 39. Kd2 {[%emt 0:00:01]}
e3+ {[%emt 0:00:01]} 40. Kxe3 {[%emt 0:00:01]} Re1+ {[%emt 0:00:01]} 41. Kf4 {
[%emt 0:00:01]} Re4+ {[%emt 0:00:01]} 42. Kxf3 {[%emt 0:00:02]} Bb1 {[%emt 0:
00:04]} 43. Rb7+ {[%emt 0:00:02]} Ka1 {[%emt 0:00:00]} 44. Ra5+ {[%emt 0:00:02]
} Ba2 {[%emt 0:00:00]} 45. Rxa2+ {[%emt 0:00:02]} Kxa2 {[%emt 0:00:01]} 46.
Qa8+ {[%emt 0:00:01]} Ra4 {[%emt 0:00:00]} 47. Qxa4# {[%emt 0:00:01]} 1-0

[Event "Benidorm Satellite - Final"]
[Site "playchess.com #007059"]
[Date "2009.10.24"]
[Round "10"]
[White "Kendo"]
[Black "Novoselski"]
[Result "1/2-1/2"]
[WhiteElo "2646"]
[BlackElo "2754"]
[PlyCount "233"]
[EventDate "2009.10.24"]
[EventType "tourn (blitz)"]

1. e4 {[%emt 0:00:02]} c5 {[%emt 0:00:02]} 2. Nf3 {[%emt 0:00:01]} g6 {[%emt 0:
00:01]} 3. d4 {[%emt 0:00:02]} cxd4 {[%emt 0:00:00]} 4. Nxd4 {[%emt 0:00:01]}
Bg7 {[%emt 0:00:01]} 5. Nc3 {[%emt 0:00:01]} Nc6 {[%emt 0:00:01]} 6. Nb3 {
[%emt 0:00:02]} a5 {[%emt 0:00:03]} 7. a4 {[%emt 0:00:03]} d6 {[%emt 0:00:02]}
8. Be2 {[%emt 0:00:04]} Nf6 {[%emt 0:00:02]} 9. O-O {[%emt 0:00:02]} O-O {
[%emt 0:00:01]} 10. Re1 {[%emt 0:00:04]} Nb4 {[%emt 0:00:02]} 11. Bf3 {[%emt 0:
00:08]} Nd7 {[%emt 0:00:05]} 12. Nd5 {[%emt 0:00:04]} Ne5 {[%emt 0:00:11]} 13.
Be2 {[%emt 0:00:33]} Be6 {[%emt 0:00:05]} 14. c3 {[%emt 0:00:05]} Nxd5 {[%emt
0:00:31]} 15. exd5 {[%emt 0:00:02]} Bf5 {[%emt 0:00:03]} 16. Be3 {[%emt 0:00:
05]} Qc8 {[%emt 0:00:14]} 17. Bb5 {[%emt 0:00:06]} Nc4 {[%emt 0:00:06]} 18. Qe2
{[%emt 0:00:06]} Nxe3 {[%emt 0:00:03]} 19. Qxe3 {[%emt 0:00:00]} Bf6 {[%emt 0:
00:03]} 20. Nd4 {[%emt 0:00:05]} Bd7 {[%emt 0:00:06]} 21. Bxd7 {[%emt 0:00:03]}
Qxd7 {[%emt 0:00:00]} 22. Nb5 {[%emt 0:00:01]} Rac8 {[%emt 0:00:10]} 23. Rad1 {
[%emt 0:00:18]} h5 {[%emt 0:00:07]} 24. Qb6 {[%emt 0:00:09]} Qg4 {[%emt 0:00:
06]} 25. Qxa5 {[%emt 0:00:27]} Ra8 {[%emt 0:00:03]} 26. Qc7 {[%emt 0:00:11]}
Qxa4 {[%emt 0:00:05]} 27. Nd4 {[%emt 0:00:13]} Rfc8 {[%emt 0:00:02]} 28. Qb6 {
[%emt 0:00:05]} Qa2 {[%emt 0:00:14]} 29. Nf3 {[%emt 0:00:10]} Qc4 {[%emt 0:00:
11]} 30. h3 {[%emt 0:00:14]} Rcb8 {[%emt 0:00:06]} 31. Nd2 {[%emt 0:00:07]}
Qxd5 {[%emt 0:00:19]} 32. Ne4 {[%emt 0:00:01]} Qf5 {[%emt 0:00:01]} 33. Nxf6+ {
[%emt 0:00:01]} Qxf6 {[%emt 0:00:00]} 34. Qc7 {[%emt 0:00:01]} Re8 {[%emt 0:00:
04]} 35. Qxb7 {[%emt 0:00:05]} Rab8 {[%emt 0:00:01]} 36. Qc6 {[%emt 0:00:01]}
Kf8 {[%emt 0:00:04]} 37. Re2 {[%emt 0:00:03]} Qf5 {[%emt 0:00:06]} 38. Rde1 {
[%emt 0:00:03]} Qb5 {[%emt 0:00:04]} 39. Qe4 {[%emt 0:00:08]} Qg5 {[%emt 0:00:
04]} 40. Qd4 {[%emt 0:00:02]} Kg8 {[%emt 0:00:05]} 41. h4 {[%emt 0:00:01]} Qf5
{[%emt 0:00:09]} 42. Rxe7 {[%emt 0:00:03]} Rxe7 {[%emt 0:00:01]} 43. Rxe7 {
[%emt 0:00:00]} Qb1+ {[%emt 0:00:03]} 44. Kh2 {[%emt 0:00:02]} Qxb2 {[%emt 0:
00:01]} 45. Qxd6 {[%emt 0:00:10]} Rf8 {[%emt 0:00:01]} 46. Qf6 {[%emt 0:00:06]}
Qb8+ {[%emt 0:00:04]} 47. g3 {[%emt 0:00:01]} Qb3 {[%emt 0:00:02]} 48. Re3 {
[%emt 0:00:04]} Rc8 {[%emt 0:00:05]} 49. Rf3 {[%emt 0:00:04]} Qd5 {[%emt 0:00:
03]} 50. Re3 {[%emt 0:00:02]} Qc4 {[%emt 0:00:05]} 51. Qf3 {[%emt 0:00:02]} Qc5
{[%emt 0:00:06]} 52. Qe2 {[%emt 0:00:02]} Qc6 {[%emt 0:00:02]} 53. Qc2 {[%emt
0:00:04]} Kg7 {[%emt 0:00:01]} 54. Qd2 {[%emt 0:00:02]} Kg8 {[%emt 0:00:03]}
55. Qd4 {[%emt 0:00:01]} Qc7 {[%emt 0:00:07]} 56. Qd5 {[%emt 0:00:01]} Rd8 {
[%emt 0:00:01]} 57. Qe5 {[%emt 0:00:02]} Qc6 {[%emt 0:00:03]} 58. Qe4 {[%emt 0:
00:02]} Qc7 {[%emt 0:00:01]} 59. Rf3 {[%emt 0:00:01]} Rc8 {[%emt 0:00:03]} 60.
Qf4 {[%emt 0:00:02]} Qd7 {[%emt 0:00:04]} 61. c4 {[%emt 0:00:03]} Qe6 {[%emt 0:
00:02]} 62. Rc3 {[%emt 0:00:02]} Rc5 {[%emt 0:00:01]} 63. Qd4 {[%emt 0:00:02]}
Qc6 {[%emt 0:00:04]} 64. Qd3 {[%emt 0:00:04]} Rf5 {[%emt 0:00:02]} 65. Qd8+ {
[%emt 0:00:02]} Kh7 {[%emt 0:00:02]} 66. Qd4 {[%emt 0:00:00]} Rc5 {[%emt 0:00:
05]} 67. Rc2 {[%emt 0:00:02]} Qc7 {[%emt 0:00:02]} 68. Qf4 {[%emt 0:00:03]} Qc6
{[%emt 0:00:01]} 69. Qxf7+ {[%emt 0:00:01]} Kh6 {[%emt 0:00:01]} 70. Qf4+ {
[%emt 0:00:02]} Kh7 {[%emt 0:00:02]} 71. Re2 {[%emt 0:00:01]} Qd7 {[%emt 0:00:
04]} 72. Re4 {[%emt 0:00:04]} Rf5 {[%emt 0:00:01]} 73. Qe3 {[%emt 0:00:01]} Rf7
{[%emt 0:00:01]} 74. c5 {[%emt 0:00:03]} Qf5 {[%emt 0:00:01]} 75. Rf4 {[%emt 0:
00:01]} Qd7 {[%emt 0:00:03]} 76. c6 {[%emt 0:00:03]} Qc7 {[%emt 0:00:02]} 77.
Rxf7+ {[%emt 0:00:01]} Qxf7 {[%emt 0:00:00]} 78. Qc5 {[%emt 0:00:01]} Qc7 {
[%emt 0:00:02]} 79. Qd5 {[%emt 0:00:02]} Qb6 {[%emt 0:00:02]} 80. Qd7+ {[%emt
0:00:04]} Kh6 {[%emt 0:00:01]} 81. Qd2+ {[%emt 0:00:04]} Kh7 {[%emt 0:00:01]}
82. Qd7+ {[%emt 0:00:01]} Kh6 {[%emt 0:00:01]} 83. Kg2 {[%emt 0:00:00]} Qb5 {
[%emt 0:00:01]} 84. Qd8 {[%emt 0:00:07]} Qxc6+ {[%emt 0:00:02]} 85. Kh2 {[%emt
0:00:01]} Kg7 {[%emt 0:00:02]} 86. Qe7+ {[%emt 0:00:01]} Kg8 {[%emt 0:00:01]}
87. Qg5 {[%emt 0:00:02]} Qe6 {[%emt 0:00:01]} 88. Qf4 {[%emt 0:00:02]} Kh7 {
[%emt 0:00:01]} 89. Kg2 {[%emt 0:00:01]} Qd5+ {[%emt 0:00:00]} 90. Qf3 {[%emt
0:00:01]} Qe6 {[%emt 0:00:00]} 91. Qb7+ {[%emt 0:00:01]} Kh6 {[%emt 0:00:01]}
92. Qa7 {[%emt 0:00:02]} Qd5+ {[%emt 0:00:01]} 93. Kh2 {[%emt 0:00:01]} Qf5 {
[%emt 0:00:03]} 94. Qe3+ {[%emt 0:00:00]} Kh7 {[%emt 0:00:01]} 95. Qd4 {[%emt
0:00:05]} Qf7 {[%emt 0:00:01]} 96. Kg2 {[%emt 0:00:01]} Qb7+ {[%emt 0:00:01]}
97. Kf1 {[%emt 0:00:01]} Qb5+ {[%emt 0:00:01]} 98. Ke1 {[%emt 0:00:01]} Qb1+ {
[%emt 0:00:01]} 99. Ke2 {[%emt 0:00:01]} Qb5+ {[%emt 0:00:01]} 100. Ke3 {[%emt
0:00:01]} Qb3+ {[%emt 0:00:01]} 101. Ke4 {[%emt 0:00:08] Novoselski offers a
draw} Qb7+ {[%emt 0:00:04]} 102. Kf4 {[%emt 0:00:06]} Qf7+ {[%emt 0:00:02]}
103. Ke3 {[%emt 0:00:01]} Qe6+ {[%emt 0:00:02]} 104. Qe4 {[%emt 0:00:01]} Qb6+
{[%emt 0:00:01]} 105. Kf3 {[%emt 0:00:01]} Qf6+ {[%emt 0:00:01]} 106. Kg2 {
[%emt 0:00:02]} Qf7 {[%emt 0:00:03]} 107. g4 {[%emt 0:00:01]} hxg4 {[%emt 0:00:
02]} 108. Qxg4 {[%emt 0:00:03]} Qd5+ {[%emt 0:00:00]} 109. Qf3 {[%emt 0:00:04]}
Qe6 {[%emt 0:00:06]} 110. h5 {[%emt 0:00:03]} g5 {[%emt 0:00:06]} 111. Qf8 {
[%emt 0:00:04]} Qe4+ {[%emt 0:00:03]} 112. f3 {[%emt 0:00:01]} Qe2+ {[%emt 0:
00:04]} 113. Kh3 {[%emt 0:00:02]} Qe6+ {[%emt 0:00:02]} 114. Kg3 {[%emt 0:00:
03]} Qe1+ {[%emt 0:00:07] '} 115. Kg2 {[%emt 0:00:01]} Qe2+ {[%emt 0:00:01]}
116. Kg3 {[%emt 0:00:01]} Qe1+ {[%emt 0:00:00]} 117. Kg2 {[%emt 0:00:01]}
1/2-1/2